000 00349nam a2200157Ia 4500
008 210210b1903 xxu||||| |||| 00| 0 eng d
041 _aeng
082 _a930/134
100 _aIHNE
245 _aEarly Rome
260 _aLondon
_bLongman Green & Co.
_c1903
650 _aRome
650 _aEarly
690 _aAncient History
906 _a025047
999 _c150758
_d150758